Mô hình lan truyền virus cúm gia cầm H1N1 : Luận văn tốt nghiệp Cao học. Chuyên ngành Toán giải tích
Đề tài giới thiệu các khái niệm, các kết quả cơ bản của lí thuyết hệ động lực, nghiên cứu mô hình lan truyền cúm khi có sự miễn nhiễm và vắc xin.
Bewaard in:
| Hoofdauteur: | |
|---|---|
| Formaat: | Boek |
| Taal: | Undetermined |
| Gepubliceerd in: |
Cần Thơ
Trường Đại học Cần Thơ
2015
|
| Onderwerpen: | |
| Tags: |
Voeg label toe
Geen labels, Wees de eerste die dit record labelt!
|
| Thư viện lưu trữ: | Trung tâm Học liệu Trường Đại học Cần Thơ |
|---|
| LEADER | 00986nam a2200205Ia 4500 | ||
|---|---|---|---|
| 001 | CTU_203610 | ||
| 008 | 210402s9999 xx 000 0 und d | ||
| 082 | |a 515 | ||
| 082 | |b H502 | ||
| 100 | |a Phạm, Đình Huấn | ||
| 245 | 0 | |a Mô hình lan truyền virus cúm gia cầm H1N1 : | |
| 245 | 0 | |b Luận văn tốt nghiệp Cao học. Chuyên ngành Toán giải tích | |
| 245 | 0 | |c Phạm Đình Huấn ; Nguyễn Hữu Khánh (Cán bộ hướng dẫn) | |
| 260 | |a Cần Thơ | ||
| 260 | |b Trường Đại học Cần Thơ | ||
| 260 | |c 2015 | ||
| 520 | |a Đề tài giới thiệu các khái niệm, các kết quả cơ bản của lí thuyết hệ động lực, nghiên cứu mô hình lan truyền cúm khi có sự miễn nhiễm và vắc xin. | ||
| 650 | |a Mathematical analysis,Toán giải tích | ||
| 904 | |i Hải | ||
| 980 | |a Trung tâm Học liệu Trường Đại học Cần Thơ | ||